000 00524nam a2200193Ia 4500
003 GCL
008 140319s9999 xx 000 0 eng d
040 _aGCL /
_cGCL
082 0 4 _a519.502
_bW A
100 1 _aWEBSTER, ALLEN
245 1 0 _aAPPLIED STATISTICS FOR BUSINESS AND ECONOMICS /
_cWEBSTER, ALLEN
260 _a[S.N] :
_bIRWIN ،
_c1995
300 _a1047 P
650 0 4 _aMETHODS
650 0 4 _aCOMMERCIAL STATISTICS
650 0 4 _aECONOMICS STATISTICS
650 0 4 _aAPPLIED NUMERICAL ANALYSIS
942 _2ddc
_cBK
999 _c11638
_d11638